000 01197nam a2200277 i 4500
001 41487
003 SpMaBN
005 20230906160435.0
008 170316s1933 sp aj |||| |bspa d
080 _a929 Alfonso (460.12) III
080 _a94(460.12)"0866/0910"
100 1 _aCotarelo Valledor, Armando,
_d1879-1950
_941167
245 1 0 _aHistoria crítica y documentada de la vida y acciones de Alfonso III el Magno, último rey de Asturias /
_cpor Armando Cotarelo Valledor.
246 3 5 _aAlfonso III el Magno
260 _aMadrid :
_bLibrería General de Victoriano Suárez,
_c1933 (
_fImp. Góngora)
300 _aXIX, 723 p. :
_bil. ;
_c26 cm.
500 _aApéndice documental.
500 _aÍndices.
504 _aReferencias bibliográficas.
586 _aObra laureada en público certamen con el Premio Santa Cruz por voto unánime de la Academia de la Historia
600 0 4 _aAlfonso
_bIII
_cRey de Asturias y León.
_9162086
651 4 _aAsturias (Reino)-
_xHistoria.
_97835
710 2 _aLibrería General de Victoriano Suárez.
_9162087
852 _aES-MaACL
_jL-31282
_z. - Donat. herederos de la bibl. de Mª del Pilar Costa Palacín
999 _c41487
_d41487